000 00547nam a2200181Ia 4500
005 20250508152656.0
008 008 250505s9999 xx 000 0 hin d
037 _aTextual
040 _aFEDL
_beng
_cFEDL
041 _ahin
_2eng
084 _a954, VID
_qFEDL
100 _aVidyalankar Jay Chandra
_9762118
245 0 _aBhartiya itihas ki mimansa athva Bhartiya rashtra ka vikas has aur punrutthan
260 _aJalandhar, India
_b Hindi Bhavan
_c1960
300 _a711p
942 _cTEXL
_h954, VID
999 _c1337987
_d1337987